| 000 -CABECERA |
| Longitud fija campo de control |
00987nam a22002774i 4500 |
| 001 - NÚMERO DE CONTROL |
| Número de control |
.b75312839 |
| 003 - IDENTIFICADOR DEL NÚMERO DE CONTROL |
| Identificador del número de control |
OSt |
| 005 - FECHA Y HORA DE LA ÚLTIMA TRANSACCIÓN |
| Fecha y hora de la última transacción |
20210518131702.0 |
| 008 - CÓDIGOS DE INFORMACIÓN DE LONGITUD FIJA |
| Códigos de información de longitud fija |
210505e202103 spc 000 0 cat|c |
| 017 ## - NÚMERO DE COPYRIGHT O DE DEPÓSITO LEGAL |
| Número de copyright o de depósito legal |
DL B 1797-2021 |
| Agencia que asigna el número |
Biblioteca de Catalunya |
| 020 ## - NÚMERO INTERNACIONAL NORMALIZADO PARA LIBROS |
| Número Internacional Normalizado para Libros (ISBN) |
9788415315957 |
| 040 ## - FUENTE DE LA CATALOGACIÓN |
| Centro catalogador de origen |
ES-BaBAB |
| Lengua de catalogación |
cat |
| Normas de descripción |
rda |
| Centro transcriptor |
ES-BaBAB |
| 100 1# - PUNTO DE ACCESO PRINCIPAL-NOMBRE DE PERSONA |
| Nombre de persona |
Suanya, Olga, |
| Término indicativo de función |
autor |
| 245 10 - MENCIÓN DE TÍTULO |
| Título |
121 cançons i 1 hotel : |
| Resto del título |
històries de la banda sonora de la nostra vida / |
| Mención de responsabilidad, etc. |
Olga Suanya ; pròleg de Salvador Cardús |
| 250 ## - MENCIÓN DE EDICIÓN |
| Mención de edición |
Primera edició |
| 264 #1 - PRODUCCIÓN, PUBLICACIÓN , DISTRIBUCIÓN, FABRICACIÓN Y COPYRIGHT |
| Lugar de producción, publicación, distribución, fabricación |
[Barcelona] : |
| Nombre del productor, editor, distribuidor, fabricante |
Símbol Editors, |
| Fecha de de producción, publicación, distribución, fabricación o copyright |
març de 2021 |
| 300 ## - DESCRIPCIÓN FÍSICA |
| Extensión |
356 pàgines ; |
| Dimensiones |
20 cm |
| 336 ## - TIPO DE CONTENIDO |
| Término de tipo de contenido |
text |
| Código de tipo de contenido |
txt |
| Fuente |
rdacontent |
| 337 ## - TIPO DE MEDIO |
| Nombre del tipo de medio |
sense mediació |
| Código del tipo de medio |
n |
| Fuente |
rdamedia |
| 338 ## - TIPO DE SOPORTE |
| Nombre del tipo de soporte |
volum |
| Código del tipo de soporte |
nc |
| Fuente |
rdacarrier |
| 650 07 - PUNTO DE ACCESO ADICIONAL DE MATERIA - TÉRMINO DE MATERIA |
| Término de materia o nombre geográfico como elemento inicial |
Cançons |
| Subdivisión de materia general |
Història i crítica |
| Fuente del encabezamiento o término |
lemac |
| 700 1# - PUNTO DE ACCESO ADICIONAL - NOMBRE DE PERSONA |
| Nombre de persona |
Cardús i Ros, Salvador, |
| Fechas asociadas al nombre |
1954-, |
| Término indicativo de función |
escriptor d'un pròleg |
| 907 ## - ELEMENTO G DATOS LOCALES, GDL (RLIN) |
| a |
.b75312839 |
| b |
05-05-21 |
| c |
05-05-21 |
| d |
05-05-21 |
| e |
m |
| f |
a |
| g |
- |
| h |
cat |
| i |
spc |
| j |
0 |
| k |
0 |
| 940 ## - |
| T&íacute;tulo uniforme |
<a href="BAB">BAB</a> |
| 942 ## - ENTRADA DE ELEMENTOS AGREGADOS (KOHA) |
| Fuente de clasificaión o esquema |
|
| Koha [por defecto] tipo de item |
Monografies |